000 00780nam a2200265 a 4500
001 BRCA_5104
005 20190320204935.0
008 181110s1922----gw-a######---#000-0#ger-#
041 _ager
044 _agw
050 4 _aND588.S3
_b.F74 1922
100 1 _aFriedländer, Max J.
_97466
245 1 0 _aMartín Schongauer
_cvon Max J. Friedländer.
260 _aLeipzig, Alemania
_bE. A. Seemann
_c1922
300 _a10 p.
_bil., 21 láminas
_c18 cm.
440 0 _aBibliothek der Kunstgeschichte
_v42
_913014
500 _aIncluye índice de ilustraciones
500 _aE5
504 _aBibliografía: p. 10
600 1 4 _aSchongauer, Martín
_d1445-1491
_913015
650 1 4 _aPintores alemanes
_9797
650 1 4 _aGrabadores alemanes
_97216
902 _aGFM
942 _2lcc
_cB
999 _c4798
_d4798